Guidance on the development of a site clearance capability in England and Wales (Record no. 104763)

MARC details
000 -LEADER
fixed length control field 01444cam a2200217 4500
001 - CONTROL NUMBER
control field ##L131441
008 - FIXED-LENGTH DATA ELEMENTS--GENERAL INFORMATION
fixed length control field 051103n2005 000 0 eng u
020 ## - INTERNATIONAL STANDARD BOOK NUMBER
International Standard Book Number 1851127968
035 ## - SYSTEM CONTROL NUMBER
System control number (Sirsi) u131441
041 0# - LANGUAGE CODE
Language code of text/sound track or separate title eng
050 04 - LIBRARY OF CONGRESS CALL NUMBER
Classification number 690.26 $2 18
110 1# - MAIN ENTRY--CORPORATE NAME
Corporate name or jurisdiction name as entry element United Kingdom
Subordinate unit Office of the Deputy Prime Minister
245 00 - TITLE STATEMENT
Title Guidance on the development of a site clearance capability in England and Wales
260 ## - PUBLICATION, DISTRIBUTION, ETC.
Place of publication, distribution, etc. London
Name of publisher, distributor, etc. ODPM
Date of publication, distribution, etc. 2005
520 ## - SUMMARY, ETC.
Summary, etc. This joint ODPM and Welsh Assembly Government guidance is aimed at those with key roles in planning for, and responding to, all kinds of emergency incidents - naturally occurring, accidental or caused by terrorists - requiring the exercise of a site clearance capability involving the clear-up of rubble and debris generated. It covers planning for site clearance, undertaking a site clearance operation and meeting the cost of site clearance and reflects the current legislative framework, bringing together information on best practice in site clearance planning and response. It covers England and Wales but is being shared with the devolved administrations in Scotland and Northern Ireland.
590 ## - LOCAL NOTE (RLIN)
Local note IKA081105
690 ## - LOCAL SUBJECT ADDED ENTRY--TOPICAL TERM (OCLC, RLIN)
Topical term or geographic name as entry element ENVIRONMENTAL AND LAND CONSULTANCY-WASTE MANAGEMENT
710 1# - ADDED ENTRY--CORPORATE NAME
Corporate name or jurisdiction name as entry element Wales
Subordinate unit Welsh Assembly Government
856 40 - ELECTRONIC LOCATION AND ACCESS
Uniform Resource Identifier <a href="https://www.communities.gov.uk/documents/fire/pdf/128905.pdf">https://www.communities.gov.uk/documents/fire/pdf/128905.pdf</a>
Public note View the guidance free of charge at www.odpm.gov.uk...
942 ## - ADDED ENTRY ELEMENTS (KOHA)
Suppress in OPAC 0
Holdings
Withdrawn status Lost status Source of classification or shelving scheme Damaged status Not for loan Home library Current library Shelving location Date acquired Total Checkouts Full call number Barcode Date last seen Copy number Price effective from Koha item type
    Dewey Decimal Classification     Virtual Virtual Online 03/11/2005   ONLINE PUBLICATION 131441-2001 06/08/2019 1 06/08/2019 Book